A young patriot : the American Revolution as ... Read More
Available copies
- 1 of 1 copy available at LARL/NWRL Consortium.
Current holds
0 current holds with 1 total copy.
Show All Copies
| Location | Call Number / Copy Notes | Barcode | Shelving Location | Status | Due Date |
|---|---|---|---|---|---|
| Hallock Public Library | j 973.3 MUR (Text) | 35500002275517 | Main | Available | - |
Record details
- ISBN: 0395605237
- Physical Description: 101 p. : ill., maps ; 26 cm.
- Publisher: New York : Clarion Books, c1996.
Content descriptions
| Bibliography, etc. Note: | Includes bibliographical references (p. 91-93) and ... Read More |
Search for related items by subject
| LDR | 01635nam a2200361 a 4500 | ||
|---|---|---|---|
| 001 | 18173 | ||
| 003 | LARL_NWRL_CONSORTIUM | ||
| 005 | 19960503141732.9 | ||
| 008 | 931014s1996 nyuab j b 001 0beng | ||
| 010 | . | ‡a93038789 /AC | |
| 020 | . | ‡a0395605237 | |
| 035 | . | ‡a(OCoLC)29310303 | |
| 035 | 0 | 0. | ‡ilcmarc/ARQ-4833/NWRLTECH |
| 040 | . | ‡aDLC ‡cDLC ‡dDLC | |
| 043 | . | ‡an-us--- ‡an-us-ct | |
| 082 | 0 | 0. | ‡a973.3/446 ‡aB ‡220 |
| 092 | . | ‡aj 973.3 ‡bMUR | |
| 100 | 1 | . | ‡aMurphy, Jim, ‡d1947- ‡0(LARL_NWRL_CONSORTIUM)52926 |
| 245 | 1 | 2. | ‡aA young patriot : ‡bthe American Revolution as experienced by one boy / ‡cby Jim Murphy. |
| 260 | . | ‡aNew York : ‡bClarion Books, ‡cc1996. | |
| 300 | . | ‡a101 p. : ‡bill., maps ; ‡c26 cm. | |
| 504 | . | ‡aIncludes bibliographical references (p. 91-93) and index. | |
| 600 | 1 | 0. | ‡aMartin, Joseph Plumb, ‡d1760-1850. ‡0(LARL_NWRL_CONSORTIUM)112686 |
| 651 | 0. | ‡aConnecticut ‡xHistory ‡yRevolution, 1775-1783 ‡vJuvenile literature. | |
| 651 | 0. | ‡aUnited States ‡xHistory ‡yRevolution, 1775-1783 ‡xCampaigns ‡vJuvenile literature. | |
| 650 | 0. | ‡aSoldiers ‡zConnecticut ‡vBiography ‡vJuvenile literature. | |
| 600 | 1 | 1. | ‡aMartin, Joseph Plumb, ‡d1760-1850. ‡0(LARL_NWRL_CONSORTIUM)112686 |
| 650 | 1. | ‡aSoldiers ‡0(LARL_NWRL_CONSORTIUM)31390 | |
| 651 | 1. | ‡aConnecticut ‡xHistory ‡yRevolution, 1775-1783. ‡0(LARL_NWRL_CONSORTIUM)17494 | |
| 651 | 1. | ‡aUnited States ‡xHistory ‡yRevolution, 1775-1783 ‡xCampaigns. ‡0(LARL_NWRL_CONSORTIUM)33372 | |
| 901 | . | ‡a18173 ‡bOCLC ‡c18173 ‡tbiblio | |

Add to basket
Permalink
Disable Highlighting